000 00205nam a2200073Ia 4500
008 170817s9999 xx 000 0 und d
100 _aSingh.Bharat
245 0 _aModern Teaching Of Exceptional Children
260 _bAnmol Publications Delhi
999 _c38897
_d38897